[Event "TURNIEJ O PUCHAR UKS PALAC MLODZIEZY KATOWICE Z OKAZJI DNIA NIEPODLEGLOSCI"]
[Site "Centrum Kongresow i Rekreacji Orle Gniazdo ul. Wrzosowa 28a, Szczyrk"]
[Date "1899-12-30"]
[Round "6.10"]
[White "Lorenc, Marian"]
[Black "Lascar, Maria Elena"]
[Result "1-0"]
[WhiteTitle "k"]
[BlackTitle "I+"]
[WhiteElo "1956"]
[BlackElo "1340"]

1. e4 c5 2. Nf3 e6 3. d3 Nc6 4. g3 Qc7 5. Bg2 Nf6 6. Nc3 d5 7. Bf4 e5 8. exd5 exf4
9. dxc6 fxg3 10. hxg3 Qxc6 11. O-O Bg4 12. Re1+ Kd8 13. Ne4 Be7 14. Qd2 Ke8 15.
Qf4 h5 16. Ne5 Qc8 17. Nd6+ Bxd6 18. Nc4+ Kf8 19. Nxd6 Qc7 1-0

[Event "TURNIEJ O PUCHAR UKS PALAC MLODZIEZY KATOWICE Z OKAZJI DNIA NIEPODLEGLOSCI"]
[Site "Centrum Kongresow i Rekreacji Orle Gniazdo ul. Wrzosowa 28a, Szczyrk"]
[Date "1899-12-30"]
[Round "6.11"]
[White "Trybowska, Barbara"]
[Black "Filewicz, Radoslaw"]
[Result "0-1"]
[WhiteTitle "I"]
[BlackTitle "I"]
[WhiteElo "1665"]
[BlackElo "1879"]

1. e4 c5 2. Nf3 e6 3. d4 cxd4 4. Nxd4 Nf6 5. Bd3 a6 6. O-O d6 7. Kh1 Be7 8. f4
Nbd7 9. Nc3 Qc7 10. Nf3 b5 11. Be3 Bb7 12. a3 O-O 13. f5 e5 14. Qe2 Nc5 15. Bg5
Rfe8 16. Rad1 Rad8 17. Bxf6 Bxf6 18. Qf2 d5 19. Rfe1 dxe4 20. Bxe4 Rxd1 21. Rxd1
Nxe4 22. Nxe4 Bxe4 23. Nd2 Qxc2 24. Qe1 Bxf5 25. Rc1 Qxb2 26. h3 h6 27. g4 Be6
28. Kg1 Qd4+ 29. Kf1 Rd8 30. Nf3 Qd3+ 31. Kf2 e4 32. Rc3 Qxc3 33. Qxc3 Bxc3 0-1

[Event "TURNIEJ O PUCHAR UKS PALAC MLODZIEZY KATOWICE Z OKAZJI DNIA NIEPODLEGLOSCI"]
[Site "Centrum Kongresow i Rekreacji Orle Gniazdo ul. Wrzosowa 28a, Szczyrk"]
[Date "1899-12-30"]
[Round "6.14"]
[White "Koseski, Damian"]
[Black "Bartkiewicz, Pawel"]
[Result "1/2-1/2"]
[WhiteTitle "I"]
[BlackTitle "I"]
[WhiteElo "1611"]
[BlackElo "1698"]

1. d4 Nf6 2. c4 e6 3. Nc3 Bb4 4. e3 Qe7 5. Nf3 O-O 6. Bd3 d5 7. O-O dxc4 8. Bxc4
a6 9. a3 Bxc3 10. bxc3 b5 11. Be2 Bb7 12. a4 Nbd7 13. Ba3 c5 14. axb5 axb5 15.
dxc5 Nxc5 16. Bxb5 Rfd8 17. Qe2 Qc7 18. Bxc5 Qxc5 19. c4 Be4 20. h3 Ra3 21. Qb2
Rxa1 22. Rxa1 Bxf3 23. gxf3 Qf5 24. Qd4 Rf8 25. Qh4 Qxf3 26. Qg3 Qxg3+ 27. fxg3
Ne4 28. Kg2 g6 29. Rd1 Rc8 30. Kf3 Nc3 31. Rd3 Na2 32. Rb3 Kg7 33. Rb2 Nc3 34.
Rb3 Na2 35. Rb2 Nc3 36. Rb3 Na2 37. Rb2 Nc3 38. Rb3 1/2-1/2

[Event "TURNIEJ O PUCHAR UKS PALAC MLODZIEZY KATOWICE Z OKAZJI DNIA NIEPODLEGLOSCI"]
[Site "Centrum Kongresow i Rekreacji Orle Gniazdo ul. Wrzosowa 28a, Szczyrk"]
[Date "1899-12-30"]
[Round "6.15"]
[White "Jarzebowski, Kacper"]
[Black "Namyslak, Piotr"]
[Result "1/2-1/2"]
[WhiteTitle "I+"]
[BlackTitle "I"]
[WhiteElo "1561"]
[BlackElo "1696"]

1. g4 d5 2. Bg2 c6 3. h3 e5 4. c4 dxc4 5. Qc2 Be6 6. Nf3 Nd7 7. a4 Rb8 8. O-O h5
9. g5 Bd5 10. e4 Be6 11. h4 f6 12. Rd1 Bg4 13. Qxc4 Bxf3 14. Bxf3 fxg5 15. d4
g4 16. Bg2 Nb6 17. Qb3 exd4 18. Bg5 Be7 19. Qe6 Kf8 20. Qf5+ Ke8 21. Qg6+ Kf8
22. Qf5+ 1/2-1/2

[Event "TURNIEJ O PUCHAR UKS PALAC MLODZIEZY KATOWICE Z OKAZJI DNIA NIEPODLEGLOSCI"]
[Site "Centrum Kongresow i Rekreacji Orle Gniazdo ul. Wrzosowa 28a, Szczyrk"]
[Date "1899-12-30"]
[Round "6.16"]
[White "Zylinski, Piotr"]
[Black "Dyrda, Jakub"]
[Result "1-0"]
[WhiteTitle "I"]
[BlackTitle "II"]
[WhiteElo "1618"]
[BlackElo "1575"]

1. g3 f5 2. f4 Nf6 3. Nf3 e6 4. Bg2 Be7 5. O-O O-O 6. d3 d5 7. e3 Qe8 8. Qe2 Qh5
9. Nbd2 Bc5 10. Nb3 Bb6 11. h3 c6 12. Qe1 Nbd7 13. Nfd4 Qf7 14. Bd2 g6 15. Nf3
h6 16. Kh2 a5 17. a4 Qe7 18. Bxa5 Bxa5 19. Nxa5 e5 20. Nb3 Kg7 21. Nbd2 e4 22.
dxe4 fxe4 23. Nd4 Nc5 24. b3 Ne6 25. Nxe6+ Bxe6 26. Nb1 Qd7 27. Na3 Nh7 28. c3
g5 29. Nc2 c5 30. Rd1 gxf4 31. exf4 Qf7 32. Ne3 Rad8 33. f5 Bxf5 1-0

[Event "TURNIEJ O PUCHAR UKS PALAC MLODZIEZY KATOWICE Z OKAZJI DNIA NIEPODLEGLOSCI"]
[Site "Centrum Kongresow i Rekreacji Orle Gniazdo ul. Wrzosowa 28a, Szczyrk"]
[Date "1899-12-30"]
[Round "6.17"]
[White "Mytych, Wiktoria"]
[Black "Kmiecik, Wojciech"]
[Result "0-1"]
[WhiteTitle "I"]
[BlackTitle "I+"]
[WhiteElo "1332"]
[BlackElo "1953"]

1. e4 e6 2. d4 d5 3. e5 c5 4. c3 Qb6 5. Nf3 Nc6 6. Be2 cxd4 7. cxd4 Nh6 8. Bxh6
gxh6 9. Qd2 Bd7 10. O-O Bg7 11. Nc3 O-O 12. h3 Ne7 13. Bd3 f5 14. exf6 Rxf6 15.
Ne5 Be8 16. Ne2 Ng6 17. Bxg6 Bxg6 18. Nd7 Qd8 19. Nxf6+ Qxf6 20. Rac1 Be4 21.
Rfd1 Rf8 22. Nc3 Bf5 23. Qe3 h5 24. Qg3 Kh8 25. Ne2 Rg8 26. Qf3 Bh6 27. Rc7 Qg5
28. Kf1 Be4 29. Qg3 Qf6 30. Qc3 Bxg2+ 31. Ke1 Be4 32. Rxb7 Rf8 33. Qg3 Rg8 34.
Qc3 Qh4 35. Kf1 Qg5 36. Ke1 Qg2 37. Qb3 Qh1+ 38. Ng1 Qxg1+ 39. Ke2 Qg6 40. Rxa7
Qf5 41. Rf1 Rf8 42. Qg3 Bf3+ 43. Ke1 Qb1# 44. Kd2 0-1

[Event "TURNIEJ O PUCHAR UKS PALAC MLODZIEZY KATOWICE Z OKAZJI DNIA NIEPODLEGLOSCI"]
[Site "Centrum Kongresow i Rekreacji Orle Gniazdo ul. Wrzosowa 28a, Szczyrk"]
[Date "1899-12-30"]
[Round "6.18"]
[White "Lendzion, Kamil"]
[Black "Kawalko, Adam"]
[Result "1-0"]
[WhiteTitle "II"]
[BlackTitle "II+"]
[WhiteElo "1388"]
[BlackElo "1703"]

1. e4 c5 2. Nf3 e6 3. d4 cxd4 4. Nxd4 a6 5. Nc3 Qc7 6. Be3 Nf6 7. Bd3 Bb4 8. Bd2
O-O 9. O-O Nc6 10. Nb3 b5 11. a3 Be7 12. Re1 Bb7 13. f4 Rac8 14. Qf3 d6 15. Qh3
e5 16. f5 Nd4 17. Nxd4 exd4 18. Na2 Nd7 19. Bf4 Ne5 20. Bxe5 dxe5 21. Nc1 b4 22.
Ne2 bxa3 23. bxa3 a5 24. Ng3 Bc6 25. Nh5 Kh8 26. Rf1 Ba4 27. f6 Bxc2 28. Bxc2
g6 29. fxe7 Qxe7 30. Nf6 h5 31. Bd1 Qc5 32. Bxh5 d3+ 33. Kh1 Kg7 34. Qxd3 Rfd8
35. Qg3 Rc6 36. Nd5 Qd4 37. Qf3 f6 38. Nxf6 Qd3 39. Qxd3 Rxd3 40. Bg4 Rd2 41.
Nd5 Rcc2 42. Bh3 Re2 43. Rfe1 Rf2 44. Rf1 Rfe2 45. Rae1 Red2 46. Ne3 Ra2 47. Rd1
Re2 48. Rfe1 Rf2 49. Rd7+ Kg8 50. Be6+ Kf8 51. Rf7+ Ke8 52. Rc1 Rfc2 53. Rxc2
Ra1+ 54. Rf1 Rxa3 55. Nd5 Kd8 56. Rf8# 1-0

[Event "TURNIEJ O PUCHAR UKS PALAC MLODZIEZY KATOWICE Z OKAZJI DNIA NIEPODLEGLOSCI"]
[Site "Centrum Kongresow i Rekreacji Orle Gniazdo ul. Wrzosowa 28a, Szczyrk"]
[Date "1899-12-30"]
[Round "6.19"]
[White "Wisniewski, Jacek"]
[Black "Wangrat, Jan"]
[Result "0-1"]
[WhiteTitle "k"]
[BlackTitle "II"]
[WhiteElo "1702"]
[BlackElo "1373"]

1. e4 c5 2. Nf3 Nc6 3. Bb5 g6 4. Bxc6 dxc6 5. h3 Bg7 6. d3 Nf6 7. Nc3 O-O 8. Be3
b6 9. Qd2 a5 10. Bh6 b5 11. Bxg7 Kxg7 12. O-O a4 13. Nh2 Be6 14. f4 Qd4+ 15. Kh1
Ng8 16. f5 Bd7 17. Nf3 Qd6 18. e5 Qc7 19. Nh4 b4 20. Ne4 Qxe5 21. Rae1 Qxb2 22.
Nxc5 Bc8 23. fxg6 hxg6 24. Ne4 Qxa2 25. Qg5 Qd5 26. Qg3 Nf6 27. Nxf6 exf6 28.
Nf3 a3 29. Nd2 a2 30. Nc4 Qd7 31. Ra1 Qa7 32. Qd6 Be6 33. Qxc6 Rfd8 34. Nd6 Bd5
35. Qb5 Rxd6 36. Qxb4 Rdd8 37. Qf4 Qa6 38. c4 Be6 39. Rfe1 Rxd3 40. Rf1 Rdd8 41.
Qxf6+ Kg8 42. Rf4 Rab8 43. Rh4 Rb1+ 44. Kh2 Qd6+ 45. Rf4 Rxa1 46. c5 Qxc5 47.
Qxa1 Qc4 48. Rxc4 Bxc4 49. Qf6 Rf8 50. Qc3 Be6 51. g4 Ra8 52. Qa1 Rb8 53. Qd4
Rb1 54. Qd8+ Kg7 55. Qd4+ Kg8 56. Qd8+ Kh7 57. Qh4+ Kg7 58. g5 Kg8 59. Qd4 a1=Q
60. Qd8+ Kh7 0-1

[Event "TURNIEJ O PUCHAR UKS PALAC MLODZIEZY KATOWICE Z OKAZJI DNIA NIEPODLEGLOSCI"]
[Site "Centrum Kongresow i Rekreacji Orle Gniazdo ul. Wrzosowa 28a, Szczyrk"]
[Date "1899-12-30"]
[Round "6.20"]
[White "Przepiora, Anna"]
[Black "Dytman, Radoslaw"]
[Result "1-0"]
[WhiteTitle "II+"]
[BlackTitle "I"]
[WhiteElo "1354"]
[BlackElo "1689"]

1. e4 e5 2. Nf3 Nc6 3. d4 exd4 4. Nxd4 Nf6 5. Nxc6 bxc6 6. e5 Qe7 7. Qe2 Nd5 8.
c4 Nb6 9. Bf4 Ba6 10. b3 g6 11. g3 Bg7 12. Bg2 O-O 13. O-O d5 14. Nd2 Rfe8 15.
Rfe1 g5 16. Be3 Bxe5 17. Rad1 Bc3 18. Qg4 h6 19. h4 f6 20. hxg5 fxg5 21. Bxb6
Qxe1+ 22. Rxe1 Rxe1+ 23. Nf1 cxb6 24. cxd5 cxd5 25. Bxd5+ Kg7 26. Qd7+ Kh8 27.
Bxa8 Rxf1+ 28. Kg2 Re1 29. Bb7 Bf1+ 30. Kh2 Ba5 31. Bg2 Bxg2 32. Kxg2 a6 33. Qd6
Kg7 34. b4 Bxb4 35. Qxb4 Re6 36. Qd4+ Kf7 37. Qd7+ Kf6 38. Kf3 a5 39. Qd4+ Kf7
40. Qh8 Rf6+ 41. Kg2 Re6 42. Qh7+ Ke8 43. Qf5 Ke7 44. Kh3 Rf6 45. Qh7+ Ke6 46.
Qb7 Ke5 47. Qa6 Kd5 48. Qb5+ Ke4 49. a4 Re6 50. Qe2+ 1-0

[Event "TURNIEJ O PUCHAR UKS PALAC MLODZIEZY KATOWICE Z OKAZJI DNIA NIEPODLEGLOSCI"]
[Site "Centrum Kongresow i Rekreacji Orle Gniazdo ul. Wrzosowa 28a, Szczyrk"]
[Date "1899-12-30"]
[Round "6.21"]
[White "Piersiak, Krystian"]
[Black "Pluta, Natalia"]
[Result "0-1"]
[WhiteTitle "II"]
[BlackTitle "I"]
[WhiteElo "1348"]
[BlackElo "1652"]

1. e4 c5 2. Nf3 d6 3. Bb5+ Bd7 4. Bxd7+ Qxd7 5. d3 g6 6. Nc3 Bg7 7. Bd2 Nf6 8.
O-O O-O 9. h3 Rc8 10. Qe2 Nc6 11. a3 a6 12. Rfe1 b5 13. Nd5 Nxd5 14. exd5 Ne5
15. Nxe5 Bxe5 16. Rab1 c4 17. dxc4 Rxc4 18. b3 Rxc2 19. Qd3 Rac8 20. Rbc1 Qc7
21. Qe3 Qb7 22. Qd3 Rxc1 23. Rxc1 Rxc1+ 24. Bxc1 Qc8 25. Bd2 Qc5 26. b4 Qd4 27.
Qc2 Qb2 28. Qc1 Qxc1+ 29. Bxc1 Kg7 30. g3 Bd4 31. Kf1 Kf6 32. f4 Kf5 0-1

[Event "TURNIEJ O PUCHAR UKS PALAC MLODZIEZY KATOWICE Z OKAZJI DNIA NIEPODLEGLOSCI"]
[Site "Centrum Kongresow i Rekreacji Orle Gniazdo ul. Wrzosowa 28a, Szczyrk"]
[Date "1899-12-30"]
[Round "6.22"]
[White "Posluszny, Tomasz"]
[Black "Kulec, Gabriela"]
[Result "1-0"]
[WhiteTitle "II"]
[BlackTitle "II"]
[WhiteElo "1627"]
[BlackElo "1370"]

1. d4 d5 2. c4 e6 3. Nc3 Bb4 4. cxd5 exd5 5. Nf3 h6 6. a3 Ba5 7. Bf4 Nf6 8. Ne5
Bxc3+ 9. bxc3 Nbd7 10. Nxd7 Bxd7 11. e3 O-O 12. Qc2 Bc6 13. Bd3 Kh8 14. O-O Qd7
15. Rac1 a6 16. Rfe1 Rfe8 17. c4 b5 18. cxd5 Nxd5 19. Qxc6 Qxc6 20. Rxc6 Nxf4
21. Bf5 g6 22. Bg4 Nd5 23. Bf3 Rad8 24. Bxd5 Rxd5 25. Rxa6 Rd6 26. Rxd6 cxd6 27.
Rb1 Ra8 28. Rxb5 Rxa3 29. g3 Ra6 30. Kg2 Kg7 31. f4 f5 32. Kf3 Kf6 33. h4 h5 34.
Rb3 Rc6 35. e4 fxe4+ 36. Kxe4 Ke6 37. d5+ Kd7 38. dxc6+ Kxc6 39. f5 gxf5+ 40.
Kxf5 Kc5 41. Kg5 d5 42. Kxh5 Kc4 43. Rb7 d4 44. g4 Kc3 45. Rc7+ Kd2 46. g5 d3
47. g6 Ke1 48. Re7+ Kd1 49. g7 d2 50. g8=Q Kc1 51. Qc4+ Kb1 52. Rb7+ Ka1 53. Qa4#
1-0

[Event "TURNIEJ O PUCHAR UKS PALAC MLODZIEZY KATOWICE Z OKAZJI DNIA NIEPODLEGLOSCI"]
[Site "Centrum Kongresow i Rekreacji Orle Gniazdo ul. Wrzosowa 28a, Szczyrk"]
[Date "1899-12-30"]
[Round "6.23"]
[White "Kalkowski, Igor"]
[Black "Gredka, Dominika"]
[Result "1-0"]
[WhiteTitle "II"]
[BlackTitle "I++"]
[WhiteElo "1284"]
[BlackElo "1614"]

1. d4 e6 2. e4 d5 3. Nc3 dxe4 4. Nxe4 Nd7 5. Nf3 Ngf6 6. Bg5 Be7 7. Bxf6 Nxf6 8.
Bd3 O-O 9. O-O b6 10. Nxf6+ Bxf6 11. c3 Bb7 12. Nd2 c5 13. Nb3 cxd4 14. cxd4 Qd5
15. Qg4 h5 16. Qg3 Bxd4 17. Rad1 Qe5 18. Nxd4 Qc5 19. Nb3 Qc6 20. Rc1 Qd5 21.
Rfd1 Kh8 22. Ba6 Qf5 23. Bxb7 Rab8 24. Bf3 g6 25. Nd4 Qf6 26. Nb3 Rbc8 27. Re1
Rxc1 28. Rxc1 Qxb2 29. Re1 Kh7 30. Qd6 Rg8 31. Qd2 Qa3 32. Rf1 a5 33. h3 a4 34.
Nd4 Qc5 35. Ne2 b5 36. Qd4 Qc2 37. Qc3 Qxa2 38. Qb4 Rb8 39. Kh2 a3 40. Nc3 1-0

[Event "TURNIEJ O PUCHAR UKS PALAC MLODZIEZY KATOWICE Z OKAZJI DNIA NIEPODLEGLOSCI"]
[Site "Centrum Kongresow i Rekreacji Orle Gniazdo ul. Wrzosowa 28a, Szczyrk"]
[Date "1899-12-30"]
[Round "6.24"]
[White "Sloniewski, Michal"]
[Black "Karwat, Szymon"]
[Result "1-0"]
[WhiteTitle "I"]
[BlackTitle "II"]
[WhiteElo "1327"]
[BlackElo "1603"]

1. d4 d5 2. c4 e6 3. cxd5 exd5 4. Nc3 Nf6 5. Bg5 Be7 6. e3 O-O 7. Bd3 h6 8. Bf4
c6 9. Qc2 Nbd7 10. Nf3 b6 11. h3 Bb7 12. O-O-O Rc8 13. Kb1 c5 14. g4 c4 15. Bf5
Bb4 16. h4 Bxc3 17. Qxc3 g6 18. Bxd7 Qxd7 19. Ne5 Qe6 20. Bxh6 Rfd8 21. h5 Nxg4
22. Nxg4 Qxg4 23. hxg6 fxg6 24. Rdg1 Qf5+ 25. Ka1 Rd7 26. Rg5 Qe6 27. Rhg1 Rc6
28. Qc2 Kf7 29. Re5 Qf6 30. f4 Re7 31. Bg5 Qd6 32. Rxe7+ Kf8 33. Rh1 Kg8 34. Reh7
c3 35. Rh8+ Kf7 36. R1h7+ Ke6 37. Qxg6# 1-0

[Event "TURNIEJ O PUCHAR UKS PALAC MLODZIEZY KATOWICE Z OKAZJI DNIA NIEPODLEGLOSCI"]
[Site "Centrum Kongresow i Rekreacji Orle Gniazdo ul. Wrzosowa 28a, Szczyrk"]
[Date "1899-12-30"]
[Round "6.25"]
[White "Bartoszewski-reiski, Olaf"]
[Black "Jurkiewicz, Zuzanna"]
[Result "1-0"]
[WhiteTitle "II"]
[BlackTitle "I+"]
[WhiteElo "1233"]
[BlackElo "1551"]

1. e4 e5 2. f4 exf4 3. Nf3 Nc6 4. d4 d6 5. Bxf4 Bg4 6. Nc3 g6 7. Bb5 Nge7 8. d5
Bg7 9. dxc6 bxc6 10. Bc4 O-O 11. h3 Bd7 12. O-O Rb8 13. Rb1 Qc8 14. Ng5 h6 15.
Nxf7 Rxf7 16. Bxf7+ Kxf7 17. Bxd6+ Ke8 18. Bxe7 Kxe7 19. Qf3 Be6 20. Ne2 Qe8 21.
Qa3+ Kd7 22. Rbd1+ Kc8 23. c3 Bc4 24. Rf2 Qxe4 25. Nd4 a6 26. Rfd2 Qe3+ 27. Kh1
Qe8 28. Qa4 Bb5 29. Qa3 Bc4 30. Qc5 Bb5 31. Nxb5 Rxb5 32. Qa7 Rb7 33. Qxa6 Bf6
34. Qe2 Qxe2 35. Rxe2 Ra7 36. a3 Rb7 37. Re8+ Bd8 38. Rexd8# 1-0

[Event "TURNIEJ O PUCHAR UKS PALAC MLODZIEZY KATOWICE Z OKAZJI DNIA NIEPODLEGLOSCI"]
[Site "Centrum Kongresow i Rekreacji Orle Gniazdo ul. Wrzosowa 28a, Szczyrk"]
[Date "1899-12-30"]
[Round "6.26"]
[White "Kubiak, Aleksandra"]
[Black "Pedrak, Paulina"]
[Result "0-1"]
[WhiteTitle "II"]
[BlackTitle "I"]
[WhiteElo "1252"]
[BlackElo "1497"]

1. b4 e5 2. a3 d6 3. Bb2 Nf6 4. Nf3 a6 5. e3 Nc6 6. c4 Be7 7. Nc3 Bg4 8. Be2 O-O
9. O-O Be6 10. Qc2 a5 11. b5 Na7 12. d4 exd4 13. Nxd4 Bd7 14. Bf3 Rb8 15. Rad1
c6 16. Rc1 c5 17. Nb3 b6 18. Nd2 Qc8 19. Rcd1 Bg4 20. Bxg4 Qxg4 21. Nde4 Nxe4
22. Nxe4 Qe6 23. Qc3 f6 24. Rd5 Rbd8 25. Qd3 Nc8 26. Rd1 Rfe8 27. Ng3 Bf8 28.
Ne2 Ne7 29. Nf4 Qg4 30. Rh5 f5 31. Qc3 Qxd1+ 0-1

[Event "TURNIEJ O PUCHAR UKS PALAC MLODZIEZY KATOWICE Z OKAZJI DNIA NIEPODLEGLOSCI"]
[Site "Centrum Kongresow i Rekreacji Orle Gniazdo ul. Wrzosowa 28a, Szczyrk"]
[Date "1899-12-30"]
[Round "6.28"]
[White "Kupiecki, Szymon"]
[Black "Luka, Agnieszka"]
[Result "1-0"]
[WhiteTitle "II"]
[BlackTitle "II"]
[WhiteElo "1458"]
[BlackElo "1344"]

1. e4 d6 2. d4 g6 3. Nf3 Bg7 4. Nc3 Nf6 5. Bc4 Nbd7 6. O-O O-O 7. Be3 e5 8. dxe5
Nxe5 9. Nxe5 dxe5 10. Qxd8 Rxd8 11. Rad1 Bd7 12. Nd5 Nxd5 13. Bxd5 c6 14. Bb3
Be8 15. Rxd8 Rxd8 16. Bxa7 Rd7 17. Be3 Kh8 18. c3 f6 19. Rd1 Rxd1+ 20. Bxd1 Bf7
21. a3 Bf8 22. Kf1 Bc4+ 23. Be2 Bb3 24. Ke1 Kg7 25. Kd2 Be6 26. c4 Kf7 27. b4
Bd7 28. Kc3 Ke6 29. a4 Bd6 30. b5 cxb5 31. axb5 Ke7 32. c5 Bb8 33. Kb4 Kd8 34.
b6 Bc6 35. f3 Kd7 36. Bb5 Kc8 37. Bxc6 bxc6 38. Bh6 Kb7 39. Bg7 f5 40. Kc4 f4
41. Bf8 Kc8 42. Bd6 Bxd6 43. cxd6 Kd7 44. Kc5 h6 45. b7 1-0

[Event "TURNIEJ O PUCHAR UKS PALAC MLODZIEZY KATOWICE Z OKAZJI DNIA NIEPODLEGLOSCI"]
[Site "Centrum Kongresow i Rekreacji Orle Gniazdo ul. Wrzosowa 28a, Szczyrk"]
[Date "1899-12-30"]
[Round "6.29"]
[White "Laszczuk, Zuzanna"]
[Black "Burzak, Wojciech"]
[Result "1-0"]
[WhiteTitle "I"]
[BlackTitle "I"]
[WhiteElo "1229"]
[BlackElo "1435"]

1. e4 e5 2. Nc3 Nc6 3. g3 g6 4. Bg2 Bg7 5. d3 d6 6. h3 Nge7 7. f4 f5 8. g4 fxe4
9. dxe4 exf4 10. Bxf4 Ne5 11. Qd2 N7c6 12. a3 Be6 13. Nge2 Nc4 14. Qc1 N6e5 15.
Rb1 Qe7 16. Rf1 Rf8 17. b3 Nb6 18. Qe3 O-O-O 19. a4 Kb8 20. a5 Nbd7 21. Nb5 b6
22. a6 c6 23. Nbd4 d5 24. Nxc6+ 1-0

[Event "TURNIEJ O PUCHAR UKS PALAC MLODZIEZY KATOWICE Z OKAZJI DNIA NIEPODLEGLOSCI"]
[Site "Centrum Kongresow i Rekreacji Orle Gniazdo ul. Wrzosowa 28a, Szczyrk"]
[Date "1899-12-30"]
[Round "6.31"]
[White "Laszczuk, Zofia"]
[Black "Musiala, Jakub"]
[Result "0-1"]
[WhiteTitle "II"]
[BlackTitle "II+"]
[WhiteElo "1165"]
[BlackElo "1433"]

1. c4 Nf6 2. Nf3 e6 3. d4 b6 4. Bg5 Be7 5. Nc3 Bb7 6. e3 d6 7. Bd3 Nbd7 8. O-O
O-O 9. Re1 h6 10. Bh4 c5 11. d5 exd5 12. cxd5 Nxd5 13. Bxe7 Qxe7 14. Nxd5 Bxd5
15. e4 Bc6 16. Qc2 Ne5 17. Nxe5 dxe5 18. Qe2 Rad8 19. Rad1 Rd4 20. Qg4 Rfd8 21.
Be2 Bxe4 22. Qg3 f6 23. Bf3 Bxf3 24. Qxf3 Qd7 25. h3 Rxd1 26. Rxd1 Qxd1+ 27. Qxd1
Rxd1+ 28. Kh2 Rd2 29. Kg3 Rxb2 30. a4 Ra2 31. a5 Rxa5 32. Kg4 Ra4+ 33. Kf3 c4
34. Ke3 c3 35. Kd3 Rc4 36. Kc2 b5 37. f3 b4 38. Kb3 c2 39. Ka4 c1=Q 40. Kb5 Rc6
41. g4 Qc4+ 42. Ka5 Ra6# 0-1

[Event "TURNIEJ O PUCHAR UKS PALAC MLODZIEZY KATOWICE Z OKAZJI DNIA NIEPODLEGLOSCI"]
[Site "Centrum Kongresow i Rekreacji Orle Gniazdo ul. Wrzosowa 28a, Szczyrk"]
[Date "1899-12-30"]
[Round "6.32"]
[White "Swider, Pawel"]
[Black "Jaszczuk, Mateusz"]
[Result "1-0"]
[WhiteTitle "I"]
[BlackTitle "II"]
[WhiteElo "1429"]
[BlackElo "1328"]

1. d4 d5 2. c4 c6 3. Nc3 e6 4. Nf3 Nf6 5. e3 Nbd7 6. Qc2 dxc4 7. Bxc4 Nd5 8. Nxd5
exd5 9. Bd3 h6 10. O-O Nf6 11. Bd2 Bd6 12. Ne5 Qe7 13. f4 O-O 14. a3 Be6 15. b4
Bxe5 16. fxe5 Nd7 17. Rae1 Nb6 18. e4 Rac8 19. Qd1 dxe4 20. Bxe4 Bd5 21. Bxh6
gxh6 22. Rf6 Bxe4 23. Rxe4 Rfe8 24. Qh5 Qxf6 25. Rg4+ Qg5 26. Rxg5+ hxg5 27. Qxg5+
Kh7 28. Qf5+ Kg7 29. Qf6+ Kg8 30. h4 Re6 31. Qf5 Nd5 32. g4 Ne3 33. Qg5+ Rg6 34.
Qxe3 Rxg4+ 35. Kf2 Rg7 36. h5 Rh7 37. Qg5+ Kf8 38. Qf5 Rxh5 39. Qxh5 Rd8 40. Qh8+
Ke7 41. Qf6+ Ke8 42. Ke3 Rd5 43. Qh8+ Ke7 44. Qb8 Rd7 45. Qxa7 Ke6 46. Qc5 Rd5
47. Qc4 Ke7 48. a4 Kd7 49. b5 Kc7 50. Ke4 Kd7 51. bxc6+ bxc6 52. a5 Kc7 53. a6
Rd7 54. Qc5 Rd5 55. Qa7+ Kc8 56. Qxf7 Ra5 57. Qb7+ 1-0

[Event "TURNIEJ O PUCHAR UKS PALAC MLODZIEZY KATOWICE Z OKAZJI DNIA NIEPODLEGLOSCI"]
[Site "Centrum Kongresow i Rekreacji Orle Gniazdo ul. Wrzosowa 28a, Szczyrk"]
[Date "1899-12-30"]
[Round "6.34"]
[White "Winter, Anna"]
[Black "Golinski, Kacper"]
[Result "0-1"]
[WhiteTitle "I"]
[BlackTitle "II"]
[WhiteElo "1423"]
[BlackElo "1300"]

1. e4 e5 2. Nf3 Nf6 3. Nxe5 d6 4. Nf3 Nxe4 5. Qe2 Qe7 6. d3 Nf6 7. Nc3 Bg4 8. Qxe7+
Bxe7 9. Be2 Nc6 10. O-O O-O-O 11. Be3 d5 12. Bd2 Rhe8 13. Rfe1 Bd6 14. a3 Re7
15. h3 Bh5 16. g4 Bg6 17. b4 h6 18. Nb5 a6 19. Nxd6+ Rxd6 20. a4 Rde6 21. Bf1
Rxe1 22. Rxe1 Rxe1 23. Bxe1 Kd7 24. c4 Ne7 25. Ne5+ Ke6 26. Nxg6 Nxg6 27. Bg2
c6 28. Bd2 Nd7 29. f4 Ke7 30. Kf2 dxc4 31. dxc4 Nb6 32. b5 Nxc4 33. Bb4+ Kd7 34.
bxc6+ bxc6 35. Bf1 Nb2 36. f5 Ne7 37. a5 Nd5 38. Bd2 Na4 39. Bxa6 Nc5 40. Be2
Ne4+ 41. Ke1 0-1

[Event "TURNIEJ O PUCHAR UKS PALAC MLODZIEZY KATOWICE Z OKAZJI DNIA NIEPODLEGLOSCI"]
[Site "Centrum Kongresow i Rekreacji Orle Gniazdo ul. Wrzosowa 28a, Szczyrk"]
[Date "1899-12-30"]
[Round "6.35"]
[White "Ciesielski, Jan"]
[Black "Byra, Aron"]
[Result "1-0"]
[WhiteTitle "II+"]
[BlackTitle "II"]
[WhiteElo "1410"]
[BlackElo "1135"]

1. d4 e6 2. f4 d5 3. Nf3 c5 4. e3 Nc6 5. c3 Qb6 6. Bd3 c4 7. Bc2 Nf6 8. O-O Be7
9. Nbd2 O-O 10. Ne5 h6 11. e4 Nxe5 12. fxe5 Nd7 13. Qh5 f6 14. exf6 Nxf6 15. Qe2
Qc7 16. e5 Nd7 17. Qg4 Nxe5 18. Rxf8+ Bxf8 19. dxe5 Qxe5 20. Nf3 Bc5+ 21. Kh1
Qe2 22. Bxh6 Bf8 1-0

[Event "TURNIEJ O PUCHAR UKS PALAC MLODZIEZY KATOWICE Z OKAZJI DNIA NIEPODLEGLOSCI"]
[Site "Centrum Kongresow i Rekreacji Orle Gniazdo ul. Wrzosowa 28a, Szczyrk"]
[Date "1899-12-30"]
[Round "6.36"]
[White "Matyszkiewicz, Wiktor"]
[Black "Guzik, Kacper"]
[Result "1-0"]
[WhiteTitle "I"]
[BlackTitle "II"]
[WhiteElo "1589"]
[BlackElo "1404"]

1. e4 c5 2. Nf3 e6 3. d4 cxd4 4. Nxd4 Qb6 5. Nb3 Nf6 6. Nc3 Bb4 7. Bd3 Qc7 8. Bd2
a6 9. O-O O-O 10. Kh1 d5 11. exd5 Bxc3 12. Bxc3 Nxd5 13. Bd2 Nc6 14. Qh5 Nf6 15.
Qh4 Ne5 16. Bf4 h6 17. Rfe1 Nfd7 18. Qg3 f6 19. Bxh6 Rf7 20. Bf4 g5 21. h4 Qd8
22. hxg5 Rg7 23. Qh3 Nxd3 24. Qxd3 e5 25. gxf6 Qxf6 26. Qd5+ Kf8 27. Bxe5 Qh4+
28. Kg1 Nxe5 29. Qxe5 Bh3 30. Qd6+ Kg8 31. Qd5+ Kh8 32. g3 Rag8 33. Qe5 Kh7 34.
Qe4+ Qxe4 35. Rxe4 Rxg3+ 36. fxg3 Rxg3+ 37. Kf2 Rg2+ 38. Ke3 Rxc2 39. Rh4+ Kg6
40. Rxh3 Rxb2 41. Rg1+ Kf6 42. Rf3+ Ke6 43. Nd4+ Kd5 44. Rg5+ Kc4 45. Rf2 Rb1
46. Rc2+ Kb4 47. Rg4 b5 48. Nc6+ Ka3 49. Rgg2 Re1+ 50. Kd2 Re6 51. Nd4 Rd6 52.
Ke3 b4 53. Rc6 Rxc6 54. Nxc6 Ka4 55. Rb2 a5 56. Kd4 Ka3 57. Rc2 Ka4 58. Nd8 Ka3
59. Ne6 Ka4 60. Nc5+ Ka3 61. Rd2 a4 62. Re2 b3 63. axb3 axb3 64. Nxb3 Kxb3 65.
Re8 1-0

[Event "TURNIEJ O PUCHAR UKS PALAC MLODZIEZY KATOWICE Z OKAZJI DNIA NIEPODLEGLOSCI"]
[Site "Centrum Kongresow i Rekreacji Orle Gniazdo ul. Wrzosowa 28a, Szczyrk"]
[Date "1899-12-30"]
[Round "6.37"]
[White "Chodorowski, Adrian"]
[Black "Jordan, Adam"]
[Result "1-0"]
[WhiteTitle "II"]
[BlackTitle "II"]
[WhiteElo "1392"]
[BlackElo "1121"]

1. c4 c5 2. Nc3 Nc6 3. g3 g6 4. Bg2 Bg7 5. Nf3 Nf6 6. O-O O-O 7. b3 b6 8. Bb2 Bb7
9. Rb1 Rb8 10. d4 cxd4 11. Nxd4 Nxd4 12. Qxd4 Bxg2 13. Kxg2 Qc7 14. Nd5 Qd8 15.
Qd2 Nxd5 16. Bxg7 Kxg7 17. Qxd5 e6 18. Qd6 Qc7 19. Qxc7 Rbc8 1-0

[Event "TURNIEJ O PUCHAR UKS PALAC MLODZIEZY KATOWICE Z OKAZJI DNIA NIEPODLEGLOSCI"]
[Site "Centrum Kongresow i Rekreacji Orle Gniazdo ul. Wrzosowa 28a, Szczyrk"]
[Date "1899-12-30"]
[Round "6.38"]
[White "Szych, Adam"]
[Black "Rudecki, Bartosz"]
[Result "0-1"]
[WhiteTitle "II"]
[BlackTitle "II+"]
[WhiteElo "1376"]
[BlackElo "1738"]

1. e4 e5 2. Nf3 Nc6 3. Bb5 f5 4. d3 fxe4 5. dxe4 Bc5 6. Nc3 d6 7. O-O Nf6 8. Bxc6+
bxc6 9. Qe2 O-O 10. Be3 Bb6 11. Na4 Bxe3 12. Qxe3 Nh5 13. g3 Qe8 14. Nc3 Nf6 15.
Nd2 Qh5 16. f4 Ng4 17. Qe2 Ba6 18. Qg2 Bxf1 19. Rxf1 Ne3 20. Qf3 Qxf3 21. Rxf3
Nxc2 22. fxe5 dxe5 23. Kf2 Nd4 24. Rxf8+ Rxf8+ 25. Ke3 Rb8 26. b3 Kf7 27. Nc4
Ke6 28. Ne2 Nxe2 29. Kxe2 a5 30. Ke3 a4 31. Na5 Rb5 32. Nxc6 axb3 33. axb3 Rxb3+
34. Kf2 Kd6 35. Nd8 c5 36. Nf7+ Ke6 37. Ng5+ Kf6 38. Nf3 c4 39. Nd2 Rb2 40. Ke3
c3 41. Nc4 Rxh2 42. Na3 c2 43. Nxc2 Rxc2 44. Kf3 0-1